000 00519nam a2200169 i 4500
001 187805
003 ES-MaACL
005 20231224062936.0
008 180301s1934 sp |||| | spa d
100 1 _aBaroja, Pío,
_d1872-1956
_925752
245 1 0 _aSiluetas románticas y otras historias de pillos y de extravagantes /
_cPio Baroja.
260 _aMadrid :
_bEspasa-Calpe,
_c1934.
300 _a308 p. ;
_c18 cm.
650 0 4 _aEspañoles-
_xBiografías.
_912469
852 _aES-MaACL
_jA-2444
999 _c187805
_d187805